000 00649nam a22002417a 4500
003 UA-OsUOA
001 103818
007 ta
008 20131121b un ||||| |||| 00| 0 ukr d
100 _aПаращак Л.
090 _a821.161.2
_bП18
942 _cBK
040 _aUA-OsUOA
_bukr
_cUA-OsUOA
_dUA-OsUOA
245 _aЗ покоління незламаних
_bоповідання
300 _a196 с.
955 _a3
041 _aukr
080 _a821.161.2
020 _a978-617-607-256-0
260 _aЛьвів
_bЛП
_c2012
650 7 _a82 Література. Літературознавство
_2UDC
999 _c390231
_d390231